Účtovné aspekty cezhraničného splynutia alebo zlúčenia obchodných spoločností v členských krajinách Európskej únie diplomová práca

Uložené v:
Podrobná bibliografia
Hlavný autor: Ševčíková, Tatiana
Korporativný autor: Fakulta hospodárskej informatiky EU. Katedra účtovníctva a audítorstva
Ďalší autori: Máziková, Katarína
Médium: Kniha
Jazyk:Slovak
Vydavateľské údaje: Bratislava 2013
Tagy: Pridať tag
Žiadne tagy, Buďte prvý, kto otaguje tento záznam!

MARC

LEADER 00000nbm a2200000 4500
001 0182531
005 20170201102945.6
041 0 |a slo 
044 |a SK 
245 1 0 |a Účtovné aspekty cezhraničného splynutia alebo zlúčenia obchodných spoločností v členských krajinách Európskej únie  |b diplomová práca  |c Tatiana Ševčíková ; školiteľ: Katarína Máziková 
264 1 |a Bratislava  |c 2013 
300 |a 59 s. 
100 1 |a Ševčíková, Tatiana 
700 1 |a Máziková, Katarína 
710 2 |a Fakulta hospodárskej informatiky EU. Katedra účtovníctva a audítorstva